000
00297nam a2200121Ia 4500
100
_a
American Foundrymen Society
942
_c
BK
654
_a
Cast Iron
245
_a
Engineering properities of cast iron
260
_b
American Foundrymen''s society
_c
2001
082
_a
670.1
546
_a
ENGLISH
999
_c
30179
_d
30179